<?xml version="1.0" encoding="UTF-8"?>
<collection xmlns="http://www.loc.gov/MARC21/slim">
  <record>
    <leader>00000nam  2200000   4500</leader>
    <controlfield tag="001">INLIS000000000002639</controlfield>
    <controlfield tag="005">20200826082139</controlfield>
    <datafield tag="035" ind1="#" ind2="#">
      <subfield code="a">0010-061300000002639</subfield>
    </datafield>
    <controlfield tag="008">200826################g##########0#ind##</controlfield>
    <datafield tag="041" ind1="#" ind2="#">
      <subfield code="a">Ind</subfield>
    </datafield>
    <datafield tag="082" ind1="#" ind2="#">
      <subfield code="a">2x9.8</subfield>
    </datafield>
    <datafield tag="090" ind1="#" ind2="#">
      <subfield code="a">92(Al-Ghazali), Smi p</subfield>
    </datafield>
    <datafield tag="100" ind1="1" ind2="#">
      <subfield code="a">Smith, Margareth</subfield>
    </datafield>
    <datafield tag="245" ind1="1" ind2="#">
      <subfield code="a">Pemikiran dan doktrin mistis Imam Al-Ghazali /</subfield>
      <subfield code="c">Margareth Smith. M.A, Ph.D.; penerjemh, Amrouni</subfield>
    </datafield>
    <datafield tag="260" ind1="#" ind2="#">
      <subfield code="a">Jakarta :</subfield>
      <subfield code="b">Riora Cipta,</subfield>
      <subfield code="c">2000</subfield>
    </datafield>
    <datafield tag="300" ind1="#" ind2="#">
      <subfield code="a">vii, 281 hlm. ;</subfield>
      <subfield code="c">20 x 14 cm.</subfield>
    </datafield>
    <datafield tag="650" ind1="#" ind2="4">
      <subfield code="a">Al-Ghazali, Imam</subfield>
    </datafield>
    <datafield tag="850" ind1="#" ind2="#">
      <subfield code="a">NBPNMAT</subfield>
    </datafield>
    <datafield tag="020" ind1="#" ind2="#">
      <subfield code="a">979-95936-0-3</subfield>
    </datafield>
    <datafield tag="084" ind1="#" ind2="#">
      <subfield code="a">2x9.8 SMI p</subfield>
    </datafield>
    <datafield tag="250" ind1="#" ind2="#">
      <subfield code="a">cet. 1</subfield>
    </datafield>
    <datafield tag="700" ind1=" " ind2="#">
      <subfield code="a">Amrouni</subfield>
    </datafield>
    <datafield tag="520" ind1="#" ind2="#">
      <subfield code="a">Bibliografi hlm. 271-275</subfield>
    </datafield>
    <datafield tag="520" ind1="#" ind2="#">
      <subfield code="a">Indeks hlm. 277-281</subfield>
    </datafield>
    <datafield tag="990" ind1="#" ind2="#">
      <subfield code="a">00056074</subfield>
    </datafield>
    <datafield tag="990" ind1="#" ind2="#">
      <subfield code="a">DW00010694</subfield>
    </datafield>
    <datafield tag="990" ind1="#" ind2="#">
      <subfield code="a">DW00010695</subfield>
    </datafield>
    <datafield tag="990" ind1="#" ind2="#">
      <subfield code="a">DW00011106</subfield>
    </datafield>
    <datafield tag="990" ind1="#" ind2="#">
      <subfield code="a">DW00011107</subfield>
    </datafield>
    <datafield tag="990" ind1="#" ind2="#">
      <subfield code="a">160.674/pb-2001</subfield>
    </datafield>
    <datafield tag="990" ind1="#" ind2="#">
      <subfield code="a">160.672 pb. 2001</subfield>
    </datafield>
    <datafield tag="990" ind1="#" ind2="#">
      <subfield code="a">160.671/pb.2001</subfield>
    </datafield>
  </record>
</collection>
